<?xml version="1.0" encoding="UTF-8"?>
<collection xmlns:xsi="http://www.w3.org/2001/XMLSchema-instance" xsi:schemaLocation="http://www.loc.gov/MARC21/slim http://www.loc.gov/standards/marcxml/schema/MARC21slim.xsd" xmlns="http://www.loc.gov/MARC21/slim">
 <record>
  <leader>00000ctm a22000003a 4500</leader>
  <controlfield tag="001">UP-99796217613998160</controlfield>
  <controlfield tag="003">Buklod</controlfield>
  <controlfield tag="005">20250929104736.0</controlfield>
  <controlfield tag="006">m    |o  d |      </controlfield>
  <controlfield tag="007">ta</controlfield>
  <controlfield tag="008">250929s2020    xx     d   u  ||| u     |</controlfield>
  <datafield tag="035" ind1=" " ind2=" ">
   <subfield code="a">(iLib)UPD-00536373482</subfield>
  </datafield>
  <datafield tag="040" ind1=" " ind2=" ">
   <subfield code="a">DARC</subfield>
   <subfield code="e">rda</subfield>
  </datafield>
  <datafield tag="041" ind1=" " ind2=" ">
   <subfield code="a">eng</subfield>
  </datafield>
  <datafield tag="090" ind1=" " ind2=" ">
   <subfield code="a">LG 993.5 2020 A7</subfield>
   <subfield code="b">G6</subfield>
  </datafield>
  <datafield tag="100" ind1="1" ind2=" ">
   <subfield code="a">Go, Samantha Andrea Monique H.</subfield>
   <subfield code="e">author.</subfield>
  </datafield>
  <datafield tag="245" ind1="1" ind2="0">
   <subfield code="a">The Baclaran Gateway</subfield>
   <subfield code="b">revitalizing Baclaran as a commercial and transit-oriented district</subfield>
   <subfield code="c">Samantha Andrea Monique H. Go ; Frederick C. Santos, adviser.</subfield>
  </datafield>
  <datafield tag="264" ind1=" " ind2="1">
   <subfield code="a">Quezon City</subfield>
   <subfield code="b">College of Architecture, University of the Philippines Diliman</subfield>
   <subfield code="c">June 2020.</subfield>
  </datafield>
  <datafield tag="300" ind1=" " ind2=" ">
   <subfield code="a">electronic copy.</subfield>
  </datafield>
  <datafield tag="336" ind1=" " ind2=" ">
   <subfield code="a">text</subfield>
   <subfield code="2">rdacontent</subfield>
  </datafield>
  <datafield tag="337" ind1=" " ind2=" ">
   <subfield code="a">unmediated</subfield>
   <subfield code="2">rdamedia</subfield>
  </datafield>
  <datafield tag="338" ind1=" " ind2=" ">
   <subfield code="a">volume</subfield>
   <subfield code="2">rdacarrier</subfield>
  </datafield>
  <datafield tag="502" ind1=" " ind2=" ">
   <subfield code="a">Thesis (Bachelor of Science in Architecture) -- University of the Philippines Diliman</subfield>
   <subfield code="d">June 2020.</subfield>
  </datafield>
  <datafield tag="520" ind1="3" ind2=" ">
   <subfield code="a">Baclaran is visited by many for the well-known Redemptorist Church and its high level of commercial activity.  Over time, the district has grown to become one of the most visited commercial areas in the metro.  However, there has been a decline in the vitality and vibrancy of Baclaran as a commercial district, due to the clearing of street vendors.  The usual lively streets of Baclaran, filled with so many people who go shopping or visit the church, are not so lively anymore.  Additionally, the influx of vehicles has made the flow of pedestrians travelling from one point to another uneasy and obstructive.  This project aims to explore how we can integrated the informal vendors into a more formal environment, while developing a more efficient pedestrian flow, thus retaining the vibrancy of the district.  The Baclaran Gateway is a redevelopment of the district's tiangge malls and streets to create efficiency in the flow of movement of its users, while formalizing the informal vendor community.  This project shows how site-specific, user behavior-based design and extensive research can develop a project that addresses current problems and adapts to future changes.</subfield>
  </datafield>
  <datafield tag="650" ind1=" " ind2="0">
   <subfield code="a">Flea markets</subfield>
   <subfield code="z">Baclaran (Manila)</subfield>
  </datafield>
  <datafield tag="700" ind1="1" ind2=" ">
   <subfield code="a">Santos, Frederick C.</subfield>
   <subfield code="e">thesis adviser.</subfield>
  </datafield>
  <datafield tag="856" ind1="0" ind2="0">
   <subfield code="u">Available in digital archives</subfield>
  </datafield>
  <datafield tag="905" ind1=" " ind2=" ">
   <subfield code="a">FI</subfield>
  </datafield>
  <datafield tag="852" ind1="0" ind2=" ">
   <subfield code="a">UPD</subfield>
   <subfield code="b">DARC</subfield>
   <subfield code="h">LG 993.5 2020 A7</subfield>
   <subfield code="i">G6</subfield>
  </datafield>
  <datafield tag="942" ind1=" " ind2=" ">
   <subfield code="a">Thesis</subfield>
  </datafield>
 </record>
</collection>
